Catálogo
 En Linea

Historia dominicana : (Registro nro. 29297)

Detalles MARC
000 -CABECERA
campo de control de longitud fija 01961nam a2200313 i 4500
001 - NÚMERO DE CONTROL
campo de control 000029805
003 - IDENTIFICADOR DEL NÚMERO DE CONTROL
campo de control DO-SdBNP
005 - FECHA Y HORA DE LA ÚLTIMA TRANSACCIÓN
campo de control 20241028100654.0
007 - CAMPO FIJO DE DESCRIPCIÓN FÍSICA--INFORMACIÓN GENERAL
campo de control de longitud fija ta
008 - DATOS DE LONGITUD FIJA--INFORMACIÓN GENERAL
campo de control de longitud fija 110426s2010 dr a 000 0 spa d
020 ## - NÚMERO INTERNACIONAL ESTÁNDAR DEL LIBRO
Número Internacional Estándar del Libro 9789945074109
040 ## - FUENTE DE LA CATALOGACIÓN
Centro catalogador/agencia de origen DO-SdBNP
Lengua de catalogación spa
Centro/agencia transcriptor BNPHU
Normas de descripción rda
082 ## - NÚMERO DE LA CLASIFICACIÓN DECIMAL DEWEY
Número de clasificación 972.93
Número de documento/Ítem H673
Número de edición 22
100 ## - ENTRADA PRINCIPAL--NOMBRE DE PERSONA
Nombre de persona Sención Villalona, Augusto
Término indicativo de función/relación autor
9 (RLIN) 56558
245 10 - MENCIÓN DE TÍTULO
Título Historia dominicana :
Resto del título desde los aborígenes hasta la guerra de abril /
Mención de responsabilidad, etc. adaptación versión popular Augusto Sención Villalona ; cuidado de edición Juana Haché ; ilustración José Mercader.
264 ## - PRODUCCIÓN, PUBLICACIÓN, DISTRIBUCIÓN, FABRICACIÓN Y COPYRIGHT
Producción, publicación, distribución, fabricación y copyright Santo Domingo :
Nombre del de productor, editor, distribuidor, fabricante Archivo General de la Nación,
Fecha de producción, publicación, distribución, fabricación o copyright 2010.
300 ## - DESCRIPCIÓN FÍSICA
Extensión 241 páginas :
Otras características físicas ilustraciones ;
Dimensiones 28 cm.
336 ## - TIPO DE CONTENIDO
Término de tipo de contenido rdacontent
Código de tipo de contenido texto
Fuente txt
337 ## - TIPO DE MEDIO
Nombre/término del tipo de medio rdamedia
Código del tipo de medio sin mediación
Fuente n
338 ## - TIPO DE SOPORTE
Nombre/término del tipo de soporte rdacarrier
Código del tipo de soporte volumen
Fuente nc
490 1# - MENCIÓN DE SERIE
Mención de serie Archivo General de la Nación
Designación de volumen o secuencia 118
505 ## - NOTA DE CONTENIDO CON FORMATO
Nota de contenido con formato La población aborigen 11|Cristóbal Colón y la conquista española 19|La Encomienda y la colonización 31|Decadencia de la encomienda y tránsito a la agricultura 39|Predominio de la industria azucarera 51|La depresión prolongada del siglo XVII 67|La recuperación del siglo XVIII 83|Crisis del sistema colonial 95|La Ocupación Haitiana y la Independencia Nacional 111|La economía a mediados del siglo XIX 125|El proceso político entre 1844 y 1861 137|La Guerra de la Restauración, 1863-1865 149|Nacionalismo, anexionismo y caudillismo 159|El desarrollo de la economía exportadora y de las relaciones capitalistas 167|20 años de gobiernos del Partido Azul 179|Retorno al caudillismo y protectorado norteamericano 187|La ocupación militar de Estados Unidos 195|La dictadura de Trujillo 207|Proceso político entre 1961 y 1965 227
590 ## - NOTA LOCAL (RLIN)
Nota local Inventariado, 2024/DG
650 #4 - PUNTO DE ACCESO ADICIONAL DE MATERIA--TÉRMINO DE MATERIA
Término de materia o nombre geográfico como elemento de entrada República Dominicana
Subdivisión general Historia
9 (RLIN) 416
700 1# - PUNTO DE ACCESO ADICIONAL--NOMBRE DE PERSONA
Nombre de persona Haché, Juana,
Término indicativo de función/relación edición
9 (RLIN) 56559
700 1# - PUNTO DE ACCESO ADICIONAL--NOMBRE DE PERSONA
Nombre de persona Mercader, José,
Término indicativo de función/relación ilustrador
9 (RLIN) 56560
910 ## - DATOS DE OPCIÓN DEL USUARIO (OCLC)
Datos de opción del usuario DG
942 ## - ELEMENTOS DE PUNTO DE ACCESO ADICIONAL (KOHA)
Fuente del sistema de clasificación o colocación Dewey Decimal Classification
Tipo de ítem Koha Libro
Existencias
Estado de retiro Estado de pérdida Fuente del sistema de clasificación o colocación Restricciones de uso No para préstamo Código de colección Localización permanente Ubicación/localización actual Ubicación en estantería Fecha de adquisición Total de préstamos Signatura topográfica completa Código de barras Fecha visto por última vez Número de copia Precio válido a partir de Tipo de ítem Koha Fuente de adquisición Nota pública
    Dewey Decimal Classification Préstamo en sala   Dominicana de Servicio Biblioteca Nacional Pedro Henríquez Ureña Biblioteca Nacional Pedro Henríquez Ureña En catalogación 26.04.2011   BNPHU DS 972.93 H673 29805-30 25.06.2020 e. 3 25.06.2020 Libro    
    Dewey Decimal Classification Préstamo en sala   Dominicana de Servicio Biblioteca Nacional Pedro Henríquez Ureña Biblioteca Nacional Pedro Henríquez Ureña En catalogación 27.10.2011   BNPHU DS 972.93 H673 29805-40 25.06.2020 e. 4 25.06.2020 Libro    
    Dewey Decimal Classification Excluido de préstamo   Patrimonio Dominicano Biblioteca Nacional Pedro Henríquez Ureña Biblioteca Nacional Pedro Henríquez Ureña En catalogación 26.04.2011   BNPHU PD 972.93 H673 29805-10 25.06.2020   25.06.2020 Libro    
    Dewey Decimal Classification Excluido de préstamo   Patrimonio Dominicano Biblioteca Nacional Pedro Henríquez Ureña Biblioteca Nacional Pedro Henríquez Ureña En catalogación 26.04.2011   BNPHU PD 972.93 H673 29805-20 25.06.2020 e. 2 25.06.2020 Libro    
    Dewey Decimal Classification Préstamo en sala   Dominicana de Servicio Biblioteca Nacional Pedro Henríquez Ureña Biblioteca Nacional Pedro Henríquez Ureña En catalogación 28.10.2024   BNPHU DS 972.93 H673 2024-6197 28.10.2024 e.5 28.10.2024 Libro Donado por la Presidencia de la República Dominicana 2023 Pertenecio a la biblioteca personal de Emilio Cordero Michel

Con tecnología Koha